formula 1/2/3 trivia - Statistics

General Stats
  • This quiz has been taken 46 times
  • The average score is 11 of 15
Answer Stats
Question Answer % Correct
Nico Rosberg announced his retirement from F1 in what year? 2016
100%
F1 driver Sebastian Vettel moved to Ferrari in which year? 2015
97%
Who is the team principal of the Mercedes F1 team? Toto Wolff
97%
What no. does F1 driver George Russell drive for? 63
92%
Who was Max Verstappen's first teammate in F1? Carlos Sainz
92%
Which driver raced alongside Nico Hulkenburg in the 2019 F1 year? Daniel Ricciardo
87%
How many points is the winner of an F2/F3 sprint race awarded? 10
85%
Damon Hill won the F1 world championship in what year? 1996
79%
I am born in 1980. Made my formula 1 debut in 2001 and raced for Renault 2008. Who am I? Fernando Alonso
72%
How many laps is a Singapore F1 race? 61
62%
Who was the winner of F2 in 2019? Nyck De Vries
62%
Current F2 driver Dennis Hauger races under what flag? Norway
54%
F1 driver Lando Norris drove for which team when competing in F2? Carlin
41%
Which F3 driver won the first feature race of the 2023 season? Gabriel Bortoleto
28%
Which team won the 2022 F3 team's championship? Prema racing
10%
No matching quizzes found
Score Distribution
Percent of People with Each Score
Percentile by Number Answered
Your Score History
You have not taken this quiz